| 000 | 00631nam a2200169 a 4500 | ||
|---|---|---|---|
| 005 | 20210219145743.0 | ||
| 008 | 991125s1956 mx 000 0 spa u | ||
| 035 | _aUPN01000000007 | ||
| 049 | _aCG | ||
| 050 | 4 |
_aLB3409 U8 _bC6.7 |
|
| 111 | 2 |
_aCongreso Nacional de Profesores de Higiene, Medicina Preventiva y Educadores Sanitarios _n(1o : _d1956 : _cMontevideo) |
|
| 245 | 1 | 0 | _a1er. Congreso nacional de profesores de higiene, medicina preventiva y educadores sanitarios. |
| 260 |
_aMontevideo : _bUniversidad de la República, _c1956. |
||
| 300 |
_a590 p. : _bretrs. |
||
| 650 | 4 |
_aHIGIENE ESCOLAR - _vCONGRESOS - _zURUGUAY |
|
| 905 | _aLibro | ||
| 999 |
_c7 _d7 |
||